书目信息 |
| 题名: |
乡村建筑外环境营建
|
|
| 作者: | 韦娜 著 | |
| 分册: | ||
| 出版信息: | 北京 中国建筑工业出版社 2021.09 |
|
| 页数: | 158页 | |
| 开本: | 26cm | |
| 丛书名: | ||
| 单 册: | ||
| 中图分类: | TU982.29 | |
| 科图分类: | ||
| 主题词: | 乡村规划--xiang cun gui hua--建筑设计--环境设计--研究 | |
| 电子资源: | ||
| ISBN: | 978-7-112-26550-3 | |
| 000 | 01143nam0 2200241 450 | |
| 001 | 24826 | |
| 005 | 20220918105956.01 | |
| 010 | @a978-7-112-26550-3@dCNY58.00 | |
| 100 | @a20211104d2021 em y0chiy50 ea | |
| 101 | 0 | @achi |
| 102 | @aCN@b110000 | |
| 105 | @aak a 000yy | |
| 200 | 1 | @a乡村建筑外环境营建@Axiang cun jian zhu wai huan jing ying jian@e以西部山地乡村为例@f韦娜著 |
| 210 | @a北京@c中国建筑工业出版社@d2021.09 | |
| 215 | @a158页@c图@d26cm | |
| 320 | @a有书目 (第149-158页) | |
| 330 | @a本书从西部山地乡村存在的突出问题入手, 以西部山地乡村建筑外环境营建及营建策略为研究的内容, 力求通过对环境生态学、环境心理学、环境伦理学、环境美学等理论知识的融合, 通过了解西部山地乡村的地形、气候特点以及外环境的特征、构成要素、控制要素, 在对国内外研究成果的学习与借鉴的基础上提出西部山地乡村建筑外环境的营建策略, 可为今后我国西部山地乡村建筑外环境的设计和实践提供借鉴。 | |
| 517 | 1 | @a以西部山地乡村为例@Ayi xi bu shan di xiang cun wei li |
| 606 | 0 | @a乡村规划@Axiang cun gui hua@x建筑设计@x环境设计@x研究 |
| 690 | @aTU982.29@v5 | |
| 701 | 0 | @a韦娜@Awei na@4著 |
| 801 | 0 | @aCN@c20220910 |
| 905 | @a河南城建学院图书馆@dTU982.29@eW516@f2 | |
| 乡村建筑外环境营建:以西部山地乡村为例/韦娜著.-北京:中国建筑工业出版社,2021.09 |
| 158页:图;26cm |
| ISBN 978-7-112-26550-3:CNY58.00 |
| 本书从西部山地乡村存在的突出问题入手, 以西部山地乡村建筑外环境营建及营建策略为研究的内容, 力求通过对环境生态学、环境心理学、环境伦理学、环境美学等理论知识的融合, 通过了解西部山地乡村的地形、气候特点以及外环境的特征、构成要素、控制要素, 在对国内外研究成果的学习与借鉴的基础上提出西部山地乡村建筑外环境的营建策略, 可为今后我国西部山地乡村建筑外环境的设计和实践提供借鉴。 |
| ● |
| 相关链接 |
|
|
|
正题名:乡村建筑外环境营建
索取号:TU982.29/W516
 
预约/预借
| 序号 | 登录号 | 条形码 | 馆藏地/架位号 | 状态 | 备注 |
| 1 | 1575267 | 215752674 | 建筑库201/201建筑库 59排3列3层/ [索取号:TU982.29/W516] | 在馆 | |
| 2 | 1575268 | 215752683 | 建筑库201/201建筑库 59排3列3层/ [索取号:TU982.29/W516] | 在馆 |